01334nab a22002297a 4500999001500000003000400015005001700019008004100036040000700077100003700084245007800121260007300199300001300272500004400285505044600329505008900775650002200864650002900886650003400915773014200949942001301091 c5339d5339OSt20250223224037.0190603e xxum|||| |||| 00| 0 spa d cPJ 96383aMárquez, José Fernando10aExtinción y liquidación del fideicomiso /cJosé Fernando Márquez. cCiudad Autónoma de Buenos Aires :aThomson Reuters La Ley, b2023. ap. 77-84 aCita Online: TR LALEY AR/DOC/2723/2023. a Sumario: I. El problema.— II. El encuadre conceptual del fideicomiso, como punto de partida de la interpretación. La normativa aplicable.— III. Extinción del fideicomiso.— IV. La extinción del fideicomiso y el proceso de liquidación.— V. Situaciones que pueden presentarse durante el período liquidatorio. Legitimación del fiduciario, situación de los bienes y facultades de las partes.— VI. A modo de conclusión.  t¿Te interesa el texto completo? Solicitalo al correo: koha@justierradelfuego.gov.ar 091590aFIDEICOMISO 096384aDOMINIO FIDUCIARIO 096385aREVOCACION DEL CONTRATO0 0271393170dCiudad Autónoma de Buenos Aires : Thomson Reuters La Ley, 2015-tRevista Código Civil y Comercial. Nº 6 - Diciembre 2023 2udccANA